Statistiques concernant Entraîneurs de Premier League (2021-2022)

Cliquez ici pour prendre le quiz!

Statistiques générales

  • Ce quiz a été pris 190 fois
  • Le résultat moyen est 9 sur 20

Statistiques - réponses

ÉquipeEntraîneurNationalité% Correct
Manchester CityPep GuardiolaEspagne
99%
Liverpool FCJurgen KloppAllemagne
94%
Chelsea FCThomas TuchelAllemagne
92%
Arsenal FCMikel ArtetaEspagne
78%
Leeds UnitedMarcelo BielsaArgentine
68%
Crystal PalacePatrick VieiraFrance
67%
Manchester UnitedOle Gunnar SolskjaerNorvège
61%
Tottenham HostpursNuno Espirito SantoPortugal
57%
Leicester CityBrendan RodgersAngleterre
54%
West Ham UnitedDavid MoyesAngleterre
41%
Everton FCRafael BenitezEspagne
39%
Brighton & Hove AlbionGraham PotterAngleterre
30%
Burnley FCSean DycheAngleterre
18%
Wolverhampton WanderersBruno LagePortugal
13%
Southampton FCRalph HasenhüttlAutriche
13%
Brentford FCThomas FrankDanemark
13%
Newcastle UnitedSteve BruceAngleterre
11%
Aston VillaDean SmithAngleterre
10%
Norwich CityDaniel FarkeAllemagne
8%
Watford FCXiscoEspagne
2%

Distribution des résultats

Percentile par nombre de réponses

% des personnes avec chaque résultat

Votre développement - résultats

Vous n’avez pas pris ce quiz